<?xml version="1.0" encoding="UTF-8"?>
<record
    xmlns:xsi="http://www.w3.org/2001/XMLSchema-instance"
    xsi:schemaLocation="http://www.loc.gov/MARC21/slim http://www.loc.gov/standards/marcxml/schema/MARC21slim.xsd"
    xmlns="http://www.loc.gov/MARC21/slim">

  <leader>01810cam a22002894a 4500</leader>
  <controlfield tag="001">13047686</controlfield>
  <controlfield tag="005">20210414113858.0</controlfield>
  <controlfield tag="008">030103s2004    ohua     b    001 0 eng  </controlfield>
  <datafield tag="010" ind1=" " ind2=" ">
    <subfield code="a">  </subfield>
  </datafield>
  <datafield tag="020" ind1=" " ind2=" ">
    <subfield code="a">0324171935</subfield>
  </datafield>
  <datafield tag="040" ind1=" " ind2=" ">
    <subfield code="a">DLC</subfield>
    <subfield code="c">DLC</subfield>
    <subfield code="d">DLC</subfield>
  </datafield>
  <datafield tag="050" ind1="0" ind2="0">
    <subfield code="a">HB171.5.E358</subfield>
  </datafield>
  <datafield tag="100" ind1="1" ind2=" ">
    <subfield code="a">Edgmand, Michael R.</subfield>
  </datafield>
  <datafield tag="245" ind1="1" ind2="0">
    <subfield code="a">Economics and contemporary issues /</subfield>
    <subfield code="c">Michael R. Edgmand, Ronald L. Moomaw, Kent W. Olson.</subfield>
  </datafield>
  <datafield tag="250" ind1=" " ind2=" ">
    <subfield code="a">6th ed.</subfield>
  </datafield>
  <datafield tag="260" ind1=" " ind2=" ">
    <subfield code="a">Australia:</subfield>
    <subfield code="b">Thomson/South-Western,</subfield>
    <subfield code="c">c2004.</subfield>
  </datafield>
  <datafield tag="300" ind1=" " ind2=" ">
    <subfield code="a">xxiii, 479 p. :</subfield>
    <subfield code="b">ill. ;</subfield>
    <subfield code="c">24 cm.</subfield>
  </datafield>
  <datafield tag="500" ind1=" " ind2=" ">
    <subfield code="a">Instructional materials are available to supplement the text.</subfield>
  </datafield>
  <datafield tag="504" ind1=" " ind2=" ">
    <subfield code="a">Includes bibliographical references and index.</subfield>
  </datafield>
  <datafield tag="505" ind1=" " ind2=" ">
    <subfield code="a">Contents: Economic growth an introduction to scarcity and choice -- An Introduction  to economic systems and the workings of the price system -- Inefficiency: The Pervasive economic problem -- Competitive markets and agriculture -- Market power: Does it help or hurt the economy? -- Air pollution: Balancing benefits and costs -- Medical care: Costs out of control? -- Crime and drugs: A Modern dilemma -- College education: Is it worth the cost -- Educational reform: The Role of incentives and choice -- Social security: Where are we? Where are we going? -- Poverty: Old and new approaches to a persistent problem -- Tracking the macroeconomy -- Unemployment: A Recurring problem -- Inflation: A Monetary phenomenon -- Deficits, surpluses, and debt: Past, present, and future -- The Global economy: Trade -- The Global economy: Finance.</subfield>
  </datafield>
  <datafield tag="650" ind1=" " ind2="0">
    <subfield code="a">Economics.</subfield>
  </datafield>
  <datafield tag="700" ind1="1" ind2=" ">
    <subfield code="a">Moomaw, Ronald L.</subfield>
  </datafield>
  <datafield tag="700" ind1="1" ind2=" ">
    <subfield code="a">Olson, Kent W.</subfield>
  </datafield>
  <datafield tag="906" ind1=" " ind2=" ">
    <subfield code="a">7</subfield>
    <subfield code="b">cbc</subfield>
    <subfield code="c">orignew</subfield>
    <subfield code="d">3</subfield>
    <subfield code="e">epcn</subfield>
    <subfield code="f">20</subfield>
    <subfield code="g">y-gencatlg</subfield>
  </datafield>
  <datafield tag="942" ind1=" " ind2=" ">
    <subfield code="2">lcc</subfield>
    <subfield code="c">BK</subfield>
  </datafield>
  <datafield tag="999" ind1=" " ind2=" ">
    <subfield code="c">268</subfield>
    <subfield code="d">7768</subfield>
  </datafield>
  <datafield tag="952" ind1=" " ind2=" ">
    <subfield code="0">0</subfield>
    <subfield code="1">0</subfield>
    <subfield code="2">lcc</subfield>
    <subfield code="4">0</subfield>
    <subfield code="7">0</subfield>
    <subfield code="a">WIUC-1</subfield>
    <subfield code="b">WIUC-1</subfield>
    <subfield code="c">GEN</subfield>
    <subfield code="d">2011-11-11</subfield>
    <subfield code="l">0</subfield>
    <subfield code="o">HB171.5.E358</subfield>
    <subfield code="p">675/11</subfield>
    <subfield code="r">2011-11-11 00:00:00</subfield>
    <subfield code="t">1</subfield>
    <subfield code="w">2011-11-11</subfield>
    <subfield code="y">BK</subfield>
  </datafield>
  <datafield tag="952" ind1=" " ind2=" ">
    <subfield code="0">0</subfield>
    <subfield code="1">0</subfield>
    <subfield code="2">lcc</subfield>
    <subfield code="4">0</subfield>
    <subfield code="7">0</subfield>
    <subfield code="a">WIUC-1</subfield>
    <subfield code="b">WIUC-1</subfield>
    <subfield code="c">GEN</subfield>
    <subfield code="d">2011-11-11</subfield>
    <subfield code="l">0</subfield>
    <subfield code="o">HB171.5.E3581</subfield>
    <subfield code="p">677/11</subfield>
    <subfield code="r">2011-11-11 00:00:00</subfield>
    <subfield code="t">2</subfield>
    <subfield code="w">2011-11-11</subfield>
    <subfield code="y">BK</subfield>
  </datafield>
  <datafield tag="952" ind1=" " ind2=" ">
    <subfield code="0">0</subfield>
    <subfield code="1">0</subfield>
    <subfield code="2">lcc</subfield>
    <subfield code="4">0</subfield>
    <subfield code="7">0</subfield>
    <subfield code="a">WIUC-1</subfield>
    <subfield code="b">WIUC-1</subfield>
    <subfield code="c">GEN</subfield>
    <subfield code="d">2011-11-15</subfield>
    <subfield code="l">0</subfield>
    <subfield code="o">HB171.5.E3582</subfield>
    <subfield code="p">676/11</subfield>
    <subfield code="r">2011-11-15 00:00:00</subfield>
    <subfield code="t">3</subfield>
    <subfield code="w">2011-11-15</subfield>
    <subfield code="y">BK</subfield>
  </datafield>
</record>
